<?xml version="1.0" encoding="UTF-8"?>
<record
    xmlns:xsi="http://www.w3.org/2001/XMLSchema-instance"
    xsi:schemaLocation="http://www.loc.gov/MARC21/slim http://www.loc.gov/standards/marcxml/schema/MARC21slim.xsd"
    xmlns="http://www.loc.gov/MARC21/slim">

  <leader>00714nam a22001337a 4500</leader>
  <datafield tag="040" ind1=" " ind2=" ">
    <subfield code="c">RUA</subfield>
  </datafield>
  <datafield tag="082" ind1=" " ind2=" ">
    <subfield code="a">FIS PRU 2021 B473 Or.</subfield>
  </datafield>
  <datafield tag="100" ind1=" " ind2=" ">
    <subfield code="a">PRUM SOKHEN &#x1796;&#x17D2;&#x179A;&#x17C6; &#x179F;&#x17BB;&#x1781;&#x17C1;&#x1793;</subfield>
  </datafield>
  <datafield tag="245" ind1=" " ind2=" ">
    <subfield code="a">INVESTIGATING THE CARBON CONTENT OF SEAGRASS MEADOW SEDIMENTS IN KOH POH, KEP PROVINCE. &#x1780;&#x17B6;&#x179A;&#x179C;&#x17B6;&#x1799;&#x178F;&#x1798;&#x17D2;&#x179B;&#x17C3;&#x1794;&#x179A;&#x17B7;&#x1798;&#x17B6;&#x178E;&#x1780;&#x17B6;&#x1794;&#x17BC;&#x1793;&#x1780;&#x17D2;&#x1793;&#x17BB;&#x1784;&#x178F;&#x17C6;&#x1794;&#x1793;&#x17CB;&#x1798;&#x17B6;&#x1793;&#x179F;&#x17D2;&#x1798;&#x17C5;&#x179F;&#x1798;&#x17BB;&#x1791;&#x17D2;&#x179A;&#x178A;&#x17C4;&#x1799;&#x1780;&#x17B6;&#x179A;&#x1799;&#x1780;&#x179F;&#x17C6;&#x178E;&#x17B6;&#x1780;&#x178A;&#x17B8;&#x179B;&#x17D2;&#x1794;&#x17B6;&#x1794;&#x17CB;&#x1793;&#x17C5;&#x1780;&#x17C4;&#x17C7;&#x1796;&#x17C4;&#x1792;&#x17B7;&#x17CD; &#x1781;&#x17C1;&#x178F;&#x17D2;&#x178F;&#x1780;&#x17C2;&#x1794;</subfield>
  </datafield>
  <datafield tag="260" ind1=" " ind2=" ">
    <subfield code="a">Phnom Penh</subfield>
    <subfield code="b">RUA</subfield>
    <subfield code="c">2021</subfield>
  </datafield>
  <datafield tag="300" ind1=" " ind2=" ">
    <subfield code="a">XI.41P</subfield>
    <subfield code="c">29CM</subfield>
  </datafield>
  <datafield tag="856" ind1=" " ind2=" ">
    <subfield code="u">https://drive.google.com/file/d/11YLf8PQa5KxX4VtqX9Dz04LdIWCwMbgR/view?usp=sharing</subfield>
  </datafield>
  <datafield tag="942" ind1=" " ind2=" ">
    <subfield code="c">FIS</subfield>
  </datafield>
  <datafield tag="999" ind1=" " ind2=" ">
    <subfield code="c">22599</subfield>
    <subfield code="d">22599</subfield>
  </datafield>
  <datafield tag="952" ind1=" " ind2=" ">
    <subfield code="0">0</subfield>
    <subfield code="1">0</subfield>
    <subfield code="2">ddc</subfield>
    <subfield code="4">0</subfield>
    <subfield code="6">FIS_PRU_2021_000000000000000_B473_OR</subfield>
    <subfield code="7">0</subfield>
    <subfield code="9">97124</subfield>
    <subfield code="a">LBB</subfield>
    <subfield code="b">ML</subfield>
    <subfield code="c">B473</subfield>
    <subfield code="d">2024-03-18</subfield>
    <subfield code="l">2</subfield>
    <subfield code="o">FIS PRU 2021 B473 Or.</subfield>
    <subfield code="p">a078576</subfield>
    <subfield code="q">2026-07-29</subfield>
    <subfield code="r">2026-06-24</subfield>
    <subfield code="s">2026-06-24</subfield>
    <subfield code="w">2024-03-18</subfield>
    <subfield code="y">FIS</subfield>
  </datafield>
  <datafield tag="952" ind1=" " ind2=" ">
    <subfield code="0">0</subfield>
    <subfield code="1">0</subfield>
    <subfield code="2">ddc</subfield>
    <subfield code="4">0</subfield>
    <subfield code="6">FIS_PRU_2021_000000000000000_B473_OR</subfield>
    <subfield code="7">0</subfield>
    <subfield code="9">97125</subfield>
    <subfield code="a">LBB</subfield>
    <subfield code="b">LBB</subfield>
    <subfield code="c">B473</subfield>
    <subfield code="d">2024-03-18</subfield>
    <subfield code="o">FIS PRU 2021 B473 Or.</subfield>
    <subfield code="p">a078340</subfield>
    <subfield code="r">2024-03-18</subfield>
    <subfield code="w">2024-03-18</subfield>
    <subfield code="y">FIS</subfield>
  </datafield>
  <datafield tag="952" ind1=" " ind2=" ">
    <subfield code="0">0</subfield>
    <subfield code="1">0</subfield>
    <subfield code="2">ddc</subfield>
    <subfield code="4">0</subfield>
    <subfield code="6">FIS_PRU_2021_000000000000000_B473_OR</subfield>
    <subfield code="7">0</subfield>
    <subfield code="9">97126</subfield>
    <subfield code="a">LBB</subfield>
    <subfield code="b">LBB</subfield>
    <subfield code="c">B473</subfield>
    <subfield code="d">2024-03-18</subfield>
    <subfield code="o">FIS PRU 2021 B473 Or.</subfield>
    <subfield code="p">a078280</subfield>
    <subfield code="r">2024-03-18</subfield>
    <subfield code="w">2024-03-18</subfield>
    <subfield code="y">FIS</subfield>
  </datafield>
  <datafield tag="952" ind1=" " ind2=" ">
    <subfield code="0">0</subfield>
    <subfield code="1">0</subfield>
    <subfield code="2">ddc</subfield>
    <subfield code="4">0</subfield>
    <subfield code="6">FIS_PRU_2021_000000000000000_B473_OR</subfield>
    <subfield code="7">0</subfield>
    <subfield code="9">97127</subfield>
    <subfield code="a">LBB</subfield>
    <subfield code="b">LBB</subfield>
    <subfield code="c">B473</subfield>
    <subfield code="d">2024-03-18</subfield>
    <subfield code="l">2</subfield>
    <subfield code="o">FIS PRU 2021 B473 Or.</subfield>
    <subfield code="p">a078284</subfield>
    <subfield code="r">2025-10-06</subfield>
    <subfield code="s">2025-09-15</subfield>
    <subfield code="w">2024-03-18</subfield>
    <subfield code="y">FIS</subfield>
  </datafield>
</record>
